Tecnología y proyecto de organización para la reparación del motor D-240 en el taller AGROMAQ-Managua
El documento contiene una descripción general de las instalaciones del taller AGROMAQ, los tipos de reparaciones que existen y el tiempo que se les da a las máquinas para su realización, se hace mención sobre las secciones requeridas en un taller de reparación central creado y fundamentado con...
| Main Authors: | , |
|---|---|
| Other Authors: | |
| Format: | Tesis Section = Libro |
| Language: | Undetermined Spanish |
| Published: |
Managua
UNI
1993
|
| Subjects: |
| LEADER | 01304nam a2200241Ia 4500 | ||
|---|---|---|---|
| 008 | 240830s9999 xx 000 0 und d | ||
| 040 | |a BIBLIOTECA-RUPAP Mon 621.8 L177 | ||
| 041 | |a spa | ||
| 082 | |a Mon 621.8 L177 | ||
| 100 | 1 | |a Lagos Espinoza, Mercedes | |
| 100 | 1 | |b Martínez Rivera, Ronald | |
| 245 | 1 | 0 | |a Tecnología y proyecto de organización para la reparación del motor D-240 en el taller AGROMAQ-Managua |
| 260 | |a Managua |b UNI |c 1993 | ||
| 300 | |a 175 p. :il. | ||
| 500 | |a Contiene: algoritmos, planos y tablas. | ||
| 502 | |a Tesis (Ingeniero Agrícola)- UNI, 1993. | ||
| 520 | 3 | |a El documento contiene una descripción general de las instalaciones del taller AGROMAQ, los tipos de reparaciones que existen y el tiempo que se les da a las máquinas para su realización, se hace mención sobre las secciones requeridas en un taller de reparación central creado y fundamentado con los métodos de proyección y organización científica. Se presenta de manera detallada las formas y método de reparación de las máquinas agrícolas, la metodología de trabajo empleada para la proyección. | |
| 650 | 7 | |a INGENIERÍA DE MÁQUINAS | |
| 650 | 7 | |b REPARACIÓN MOTOR. | |
| 700 | 1 | |a Tutor: |b Rivera Medina, Ricardo José | |
| 942 | |c BK |2 ddc | ||
| 991 | |a TESIS | ||
| 999 | |c 15802 | ||